Sociology for nurses (Record no. 7794)

MARC details
000 -LEADER
fixed length control field 00389nam a2200157 4500
020 ## - INTERNATIONAL STANDARD BOOK NUMBER
ISBN 978174733671
050 ## - CALL NUMBER
Classification number RT86.5
100 ## - AUTHOR
Personal name George, Maya
245 ## - TITLE
Title Sociology for nurses
Statement of responsibility, etc by Maya George
250 ## - EDITION
Edition statement 2nd
260 ## - PUBLICATION INFORMATION
Place of publication New Delhi
Name of publisher A.I.T.B.S Publishers
Year of publication 2009
300 ## - DESCRIPTION
Number of Pages 330 pp
500 ## - NOTES
General note includes bibliographic references and index
650 ## - SUBJECTS
Topical Term sociology
942 ## - ADDED ENTRY ELEMENTS (KOHA)
Koha item type Books
Holdings
Withdrawn status Lost status Home library Current library Date acquired Full call number Accession Number Koha item type
    Methodist University Library Wenchi Nursing Methodist University Library Wenchi Nursing 29/09/2021 RT86.5 31127 Books
    Methodist University Library Wenchi Nursing Methodist University Library Wenchi Nursing 29/09/2021 RT86.5 35423 Books
    Methodist University Library Wenchi Nursing Methodist University Library Wenchi Nursing 29/09/2021 RT86.5 35424 Books
    Methodist University Library Wenchi Nursing Methodist University Library Wenchi Nursing 29/09/2021 RT86.5 35425 Books
    Methodist University Library Wenchi Nursing Methodist University Library Wenchi Nursing 29/09/2021 RT86.5 35426 Books
Copyright © 2026  MUG Library